[Event "Wch U20 57th"]
[Site "Manavgat"]
[Date "2018.09.15"]
[Round "11"]
[White "Ismayilov, Muhammad"]
[Black "Vanczak, Tamas"]
[Result "1/2-1/2"]
[WhiteElo "2137"]
[BlackElo "2276"]
[PlyCount "66"]
[EventDate "2018.09.05"]
[EventType "swiss"]
[EventRounds "11"]
[EventCountry "TUR"]
[SourceTitle "CBM 186 Extra"]
[Source "ChessBase"]
[SourceDate "2018.08.24"]
[SourceVersion "1"]
[SourceVersionDate "2018.08.24"]
[SourceQuality "1"]

1. e4 c6 2. Nf3 d5 3. Nc3 Bg4 4. h3 Bxf3 5. Qxf3 e6 6. d4 dxe4 7. Qxe4 Nd7 8. Bd3 g6 9. Bf4 Bg7 10. 0-0-0 Ngf6 11. Qe3 Nd5 12. Nxd5 cxd5 13. h4 Qb6 14. Be2 h5 15. g4 hxg4 16. Bxg4 Nf6 17. Be2 Nh5 18. Kb1 Nxf4 19. Qxf4 Rc8 20. Rh3 Qc7 21. Qxc7 Rxc7 22. f4 Ke7 23. c3 Rcc8 24. Rdh1 Rh7 25. h5 Rch8 26. Kc2 gxh5 27. Rxh5 Rxh5 28. Rxh5 Rxh5 29. Bxh5 f6 30. f5 e5 31. Bf3 Kd6 32. Bh5 Bh6 33. Bf7 exd4 1/2-1/2

[Event "Wch U20 57th"]
[Site "Manavgat"]
[Date "2018.09.07"]
[Round "4"]
[White "Ismayilov, Muhammad"]
[Black "Sawlin, Leonid"]
[Result "0-1"]
[WhiteElo "2137"]
[BlackElo "2355"]
[PlyCount "68"]
[EventDate "2018.09.05"]
[EventType "swiss"]
[EventRounds "11"]
[EventCountry "TUR"]
[SourceTitle "CBM 186 Extra"]
[Source "ChessBase"]
[SourceDate "2018.08.24"]
[SourceVersion "1"]
[SourceVersionDate "2018.08.24"]
[SourceQuality "1"]

1. e4 g6 2. d4 Bg7 3. Nc3 d6 4. f4 a6 5. Nf3 b5 6. Bd3 Nd7 7. 0-0 c5 8. dxc5 Nxc5 9. Be3 Bb7 10. Bxc5 dxc5 11. e5 f5 12. exf6 Nxf6 13. Qe2 c4 14. Be4 Nxe4 15. Nxe4 0-0 16. Neg5 Bd5 17. Ne5 Rf5 18. Qe3 Qc7 19. Rad1 Qb7 20. g4 Rf6 21. Rd4 Raf8 22. Rfd1 e6 23. Nh3 Qc7 24. f5 gxf5 25. Nf4 fxg4 26. Nh5 Rf5 27. Nxg7 Rxe5 28. Rxg4 Kh8 29. Qg3 Qa7+ 30. Rdd4 Re2 31. Qc3 e5 32. Nf5 Rxf5 33. Qg3 Rg2+ 34. Qxg2 Bxg2 0-1

[Event "Wch U20 57th"]
[Site "Manavgat"]
[Date "2018.09.05"]
[Round "1"]
[White "Raja, Harshit"]
[Black "Ismayilov, Muhammad"]
[Result "1-0"]
[WhiteElo "2419"]
[BlackElo "2137"]
[PlyCount "69"]
[EventDate "2018.09.05"]
[EventType "swiss"]
[EventRounds "11"]
[EventCountry "TUR"]
[SourceTitle "CBM 186 Extra"]
[Source "ChessBase"]
[SourceDate "2018.08.24"]
[SourceVersion "1"]
[SourceVersionDate "2018.08.24"]
[SourceQuality "1"]

1. e4 e5 2. Nf3 Nf6 3. Nxe5 d6 4. Nf3 Nxe4 5. d4 d5 6. Bd3 Nc6 7. 0-0 Be7 8. Re1 Bg4 9. c3 f5 10. Qb3 0-0 11. Nfd2 Nxd2 12. Nxd2 Rf6 13. h3 Bh5 14. Qc2 Qd7 15. Be2 Re6 16. Nf1 Bd6 17. Qxf5 Rxe2 18. Qxd7 Rxe1 19. Bh6 Re7 20. Qf5 Bf7 21. Bf4 Re2 22. Bxd6 cxd6 23. Ne3 Rf8 24. b4 a6 25. a4 Nd8 26. Qf3 Rb2 27. Re1 g6 28. Re2 Rb1+ 29. Kh2 Ra1 30. Qg3 Rxa4 31. Qxd6 Nc6 32. Nxd5 Rd8 33. Nf6+ Kg7 34. Nd7 Ra1 35. d5 1-0

[Event "EU-ch 19th"]
[Site "Batumi"]
[Date "2018.03.25"]
[Round "8"]
[White "Tsvetkov, Andrey1111"]
[Black "Ismayilov, Muhammad"]
[Result "1/2-1/2"]
[WhiteElo "2252"]
[BlackElo "2021"]
[PlyCount "79"]
[EventDate "2018.03.17"]
[EventType "swiss"]
[EventRounds "11"]
[EventCountry "GEO"]
[SourceTitle "CBM 184"]
[Source "ChessBase"]
[SourceDate "2018.05.16"]
[SourceVersion "1"]
[SourceVersionDate "2018.05.16"]
[SourceQuality "1"]

1. d4 d5 2. c4 c6 3. Nf3 Nf6 4. Nbd2 g6 5. e3 Bg7 6. b3 0-0 7. Bb2 Ne4 8. Be2 f5 9. 0-0 e6 10. Rc1 Nd7 11. b4 g5 12. Nxe4 dxe4 13. Ne5 g4 14. b5 Nxe5 15. dxe5 Qc7 16. bxc6 bxc6 17. c5 Bxe5 18. Bxe5 Qxe5 19. Qa4 Bd7 20. Rfd1 Rfd8 21. Bf1 Kf7 22. Rd6 a5 23. Qd1 Ke7 24. Qd2 Ra7 25. a4 h5 26. Kh1 Rb8 27. Rd1 Rbb7 28. Qc1 Rb4 29. Qd2 Be8 30. Qa2 Bd7 31. R1d2 Rab7 32. g3 Qxc5 33. Ba6 Ra7 34. Qa1 e5 35. Rh6 Be6 36. Rh7+ Kf6 37. Rh6+ Ke7 38. Rh7+ Kf6 39. Rh6+ Ke7 40. Rh7+ 1/2-1/2

[Event "EU-ch 19th"]
[Site "Batumi"]
[Date "2018.03.24"]
[Round "7"]
[White "Ismayilov, Muhammad"]
[Black "Gharibyan, Mamikon"]
[Result "1/2-1/2"]
[WhiteElo "2021"]
[BlackElo "2312"]
[PlyCount "121"]
[EventDate "2018.03.17"]
[EventType "swiss"]
[EventRounds "11"]
[EventCountry "GEO"]
[SourceTitle "CBM 184"]
[Source "ChessBase"]
[SourceDate "2018.05.16"]
[SourceVersion "1"]
[SourceVersionDate "2018.05.16"]
[SourceQuality "1"]

1. e4 e5 2. Nf3 Nc6 3. Bb5 a6 4. Ba4 Nf6 5. 0-0 Nxe4 6. d4 b5 7. Bb3 d5 8. Nxe5 Nxe5 9. dxe5 Be6 10. Be3 c6 11. c3 Be7 12. Nd2 Bf5 13. Nxe4 Bxe4 14. Qg4 0-0 15. f3 Bg6 16. f4 f5 17. exf6 Rxf6 18. f5 Qd7 19. Bc2 Raf8 20. Bd4 Bf7 21. Bxf6 Bxf6 22. a4 Rd8 23. axb5 axb5 24. Qb4 h6 25. Rfe1 Qc7 26. Qc5 d4 27. Ra7 Qf4 28. Rxf7 Qd2 29. Rfe7 Qxc2 30. R7e2 Qd3 31. Qxc6 Qxf5 32. cxd4 Bxd4+ 33. Kh1 Kh7 34. Qf3 Qxf3 35. gxf3 Bf6 36. Kg2 Kg6 37. Rc1 Rd3 38. Rcc2 Rb3 39. Kg3 Kf5 40. Rc5+ Kg6 41. Rc6 Kf7 42. Rcc2 Kg6 43. Kf4 Rb4+ 44. Kg3 Kf5 45. Red2 Ke6 46. Rc6+ Kf7 47. Rb6 Be5+ 48. Kh3 Bxb2 49. Rd7+ Kg8 50. Rd5 Bf6 51. Rdxb5 Ra4 52. Rb4 Ra2 53. Rg4 Kh7 54. Rbb4 Ra3 55. Rg3 Ra2 56. Rg2 Ra3 57. Kg4 Ra5 58. f4 Kg6 59. Re4 h5+ 60. Kf3+ Kf5 61. Rc2 1/2-1/2

[Event "EU-ch 19th"]
[Site "Batumi"]
[Date "2018.03.18"]
[Round "2"]
[White "Tokranovs, Dmitrijs"]
[Black "Ismayilov, Muhammad"]
[Result "1-0"]
[WhiteElo "2375"]
[BlackElo "2021"]
[PlyCount "82"]
[EventDate "2018.03.17"]
[EventType "swiss"]
[EventRounds "11"]
[EventCountry "GEO"]
[SourceTitle "CBM 184"]
[Source "ChessBase"]
[SourceDate "2018.05.16"]
[SourceVersion "1"]
[SourceVersionDate "2018.05.16"]
[SourceQuality "1"]

1. e4 e6 2. d4 d5 3. Bd3 c5 4. exd5 exd5 5. Nf3 Nf6 6. 0-0 Nc6 7. Re1+ Be7 8. dxc5 0-0 9. Nbd2 Bxc5 10. Nb3 Bd6 11. h3 h6 12. c3 Ne4 13. Be3 f5 14. c4 dxc4 15. Bxc4+ Kh7 16. Nbd4 Ne5 17. Ne6 Bxe6 18. Bxe6 Nxf3+ 19. Qxf3 Qf6 20. Bd5 Qe5 21. Rad1 Rae8 22. Bxe4 fxe4 23. Qg4 h5 24. Qh4 Qh2+ 25. Kf1 Bb4 26. Qxh5+ Kg8 27. Qd5+ Rf7 28. Qb5 Ref8 29. Qxb4 Qh1+ 30. Ke2 Qxg2 31. Rd4 Rxf2+ 32. Bxf2 Rxf2+ 33. Kd1 Rxb2 34. Rd8+ Kf7 35. Rf8+ Kg6 36. Qxe4+ Qxe4 37. Rxe4 Rxa2 38. Rg4+ Kh7 39. Rf7 Ra1+ 40. Kc2 Ra3 41. Rfxg7+ Kh6 1-0

[Event "Poti op 12th"]
[Site "Poti"]
[Date "2017.07.21"]
[Round "8"]
[White "Tsomaia, Nikoloz"]
[Black "Ismayilov, Muhammad"]
[Result "1-0"]
[WhiteElo "2238"]
[BlackElo "2034"]
[PlyCount "127"]
[EventDate "2017.07.14"]
[EventType "swiss"]
[EventRounds "9"]
[EventCountry "GEO"]
[SourceTitle "CBM 179 Extra"]
[Source "ChessBase"]
[SourceDate "2017.08.23"]
[SourceVersion "1"]
[SourceVersionDate "2017.08.23"]
[SourceQuality "1"]

1. c4 Nf6 2. b3 e6 3. Nf3 d5 4. e3 c5 5. Bb2 Bd6 6. Be2 0-0 7. 0-0 b6 8. d3 Bb7 9. Nbd2 Nbd7 10. Qc2 e5 11. cxd5 Nxd5 12. Nc4 Qe7 13. Nxd6 Qxd6 14. a3 f5 15. Rfd1 Qg6 16. b4 cxb4 17. axb4 Kh8 18. Qd2 Nc7 19. Nh4 Qh6 20. Bf3 Bxf3 21. Nxf3 Qd6 22. e4 Ne6 23. d4 exd4 24. Nxd4 Nxd4 25. Bxd4 Qg6 26. exf5 Rxf5 27. Bxg7+ Qxg7 28. Qxd7 Qxd7 29. Rxd7 Rf4 30. Raxa7 Rxa7 31. Rxa7 Rxb4 32. g3 Rb3 33. Kg2 b5 34. Rb7 Kg8 35. h4 b4 36. h5 h6 37. Kh3 Rf3 38. Kg2 Rb3 39. g4 Rb1 40. Kg3 b3 41. Kf4 Kf8 42. Kf5 b2 43. Kf6 Ke8 44. f3 Rf1 45. Rxb2 Rxf3+ 46. Kg6 Rg3 47. Rb4 Ra3 48. Kxh6 Ra6+ 49. Kg7 Ra7+ 50. Kg8 Ke7 51. Rf4 Ke6 52. h6 Ra8+ 53. Kg7 Ke5 54. Rf5+ Ke6 55. Rf6+ Ke7 56. h7 Rb8 57. Rf7+ Ke6 58. Rf8 Rb4 59. Rf6+ Ke7 60. h8Q Rxg4+ 61. Rg6 Rf4 62. Qb8 Rf7+ 63. Kg8 Kd7 64. Rd6+ 1-0

[Event "Poti op 12th"]
[Site "Poti"]
[Date "2017.07.14"]
[Round "1"]
[White "Ismayilov, Muhammad"]
[Black "Kalashian, David"]
[Result "0-1"]
[WhiteElo "2034"]
[BlackElo "2379"]
[PlyCount "66"]
[EventDate "2017.07.14"]
[EventType "swiss"]
[EventRounds "9"]
[EventCountry "GEO"]
[SourceTitle "CBM 179 Extra"]
[Source "ChessBase"]
[SourceDate "2017.08.23"]
[SourceVersion "1"]
[SourceVersionDate "2017.08.23"]
[SourceQuality "1"]

1. e4 c6 2. Nf3 g6 3. d4 Bg7 4. c3 d6 5. Be2 Nf6 6. Nbd2 0-0 7. 0-0 Bg4 8. e5 Nd5 9. exd6 exd6 10. Nc4 b5 11. Ne3 Nxe3 12. Bxe3 Nd7 13. h3 Be6 14. Qd2 Re8 15. Rfe1 Nb6 16. Bd3 Bd5 17. Nh2 Nc4 18. Bxc4 bxc4 19. Bf4 Qd7 20. Ng4 f5 21. Ne3 Bf7 22. d5 cxd5 23. Nxd5 Qb7 24. Red1 Kh8 25. Rab1 Bxd5 26. f3 Bf7 27. Bxd6 Rad8 28. Qf4 Qb6+ 29. Kf1 g5 30. Qh2 f4 31. Ba3 Bg6 32. Qg1 Rxd1+ 33. Rxd1 Bd3+ 0-1

[Event "Poti Aleksandria Cup 11th"]
[Site "Poti"]
[Date "2016.07.14"]
[Round "2"]
[White "Ismayilov, Muhammad"]
[Black "Vakhania, Alexandra"]
[Result "1/2-1/2"]
[WhiteElo "1948"]
[BlackElo "2238"]
[PlyCount "94"]
[EventDate "2016.07.13"]
[EventType "swiss"]
[EventRounds "9"]
[EventCountry "GEO"]
[SourceTitle "CBM 173 Extra"]
[Source "ChessBase"]
[SourceDate "2016.08.29"]
[SourceVersion "1"]
[SourceVersionDate "2016.08.29"]
[SourceQuality "1"]

1. e4 c6 2. Nf3 d5 3. Nc3 g6 4. d4 Bg7 5. Be2 Bg4 6. Be3 dxe4 7. Nxe4 Nf6 8. Nxf6+ exf6 9. c3 0-0 10. 0-0 Nd7 11. h3 Bxf3 12. Bxf3 Nb6 13. Qb3 f5 14. Rad1 Qc7 15. d5 Nxd5 16. Bxd5 cxd5 17. Rxd5 f4 18. Bc5 Rfd8 19. Rxd8+ Qxd8 20. Rd1 Qc8 21. Bd6 f3 22. gxf3 Qc6 23. Kg2 h5 24. Bg3 Bf8 25. Qd5 Qb6 26. Qc4 Qc5 27. Qe4 Qb5 28. c4 Qxb2 29. Rd7 Rc8 30. Qf4 Qg7 31. Rxb7 g5 32. Qf5 Rc5 33. Qe4 h4 34. Bh2 Qg6 35. Qe8 Qe6 36. Qd8 Qc8 37. Rb8 Qxd8 38. Rxd8 Rc6 39. c5 Kg7 40. Be5+ f6 41. Rd7+ Kg6 42. Bd6 Bxd6 43. cxd6 Ra6 44. Rc7 Rxa2 45. d7 Rd2 46. Rxa7 Kf5 47. Rb7 Rd1 1/2-1/2

[Event "Poti Aleksandria Cup 11th"]
[Site "Poti"]
[Date "2016.07.13"]
[Round "1"]
[White "Oganisjan, Roman"]
[Black "Ismayilov, Muhammad"]
[Result "1/2-1/2"]
[WhiteElo "2311"]
[BlackElo "1948"]
[PlyCount "36"]
[EventDate "2016.07.13"]
[EventType "swiss"]
[EventRounds "9"]
[EventCountry "GEO"]
[SourceTitle "CBM 173 Extra"]
[Source "ChessBase"]
[SourceDate "2016.08.29"]
[SourceVersion "1"]
[SourceVersionDate "2016.08.29"]
[SourceQuality "1"]

1. e4 e6 2. d4 d5 3. Nc3 Bb4 4. exd5 exd5 5. Bd3 Nf6 6. Bg5 0-0 7. Qf3 Bxc3+ 8. bxc3 Qe8+ 9. Be3 Qc6 10. Bd2 Re8+ 11. Ne2 Bg4 12. Qg3 Bxe2 13. Bxe2 Nbd7 14. Qd3 Ne4 15. 0-0 Nb6 16. Rfb1 Nc4 17. Be1 Re7 18. Qd1 Ncd6 1/2-1/2

[Event "EU-ch U12 24th"]
[Site "Batumi"]
[Date "2014.10.24"]
[Round "6"]
[White "Ismayilov, Muhammad"]
[Black "Kamer, Kayra"]
[Result "0-1"]
[WhiteElo "1558"]
[BlackElo "1866"]
[PlyCount "48"]
[EventDate "2014.10.19"]
[EventType "swiss"]
[EventRounds "9"]
[EventCountry "GEO"]
[SourceTitle "EXT 2016"]
[Source "ChessBase"]
[SourceDate "2015.10.08"]
[SourceVersion "1"]
[SourceVersionDate "2015.10.08"]
[SourceQuality "1"]

1. e4 c5 2. Nf3 e6 3. d4 cxd4 4. Nxd4 a6 5. Nc3 Qc7 6. Be2 Nf6 7. a3 b5 8. 0-0 Bb7 9. f3 Bc5 10. Kh1 0-0 11. Be3 d6 12. Qd2 Nbd7 13. a4 b4 14. Na2 d5 15. Nxb4 dxe4 16. f4 Bxb4 17. Qxb4 Nd5 18. Qd2 e5 19. Nf5 Nxe3 20. Qxe3 exf4 21. Rxf4 Ne5 22. c3 Ng6 23. Rff1 Rfe8 24. Rad1 Rac8 0-1